[Event "51st World Juniors"]
[Site "Athens GRE"]
[Date "2012.08.15"]
[Round "13.31"]
[White "Dimitrov, Radoslav"]
[Black "Nuri, Kambez"]
[Result "1-0"]
[WhiteTitle "IM"]
[BlackTitle "FM"]
[WhiteElo "2424"]
[BlackElo "2274"]
[WhiteFideId "2908549"]
[BlackFideId "1311433"]
[EventDate "2012.08.02"]

1. c4 Nf6 2. Nc3 g6 3. g3 Bg7 4. Bg2 O-O 5. e3 e5 6. Nge2 Nc6 7. O-O d6 8. h3 a5
9. d3 Be6 10. Nd5 Nb4 11. e4 Nd7 12. f4 f5 13. Nxb4 axb4 14. exf5 Bxf5 15. g4
Be6 16. Bxb7 Ra5 17. Bg2 d5 18. Bd2 Qb8 19. a3 c5 20. cxd5 Bf7 21. axb4 Rxa1 22.
Qxa1 cxb4 23. Qa4 Nc5 24. Qc2 Qb5 25. fxe5 Bxe5 26. d4 Bd6 27. dxc5 Bxc5+ 28.
Kh1 Qxe2 29. Qxc5 Qxd2 30. d6 Qxb2 31. d7 Qd2 32. Qe7 Kg7 33. d8=Q 1-0

[Event "51st World Juniors"]
[Site "Athens GRE"]
[Date "2012.08.15"]
[Round "13.32"]
[White "Mazur, Stefan"]
[Black "Podolsky, Anton"]
[Result "1-0"]
[WhiteTitle "IM"]
[WhiteElo "2394"]
[BlackElo "2246"]
[WhiteFideId "14909332"]
[BlackFideId "14119668"]
[EventDate "2012.08.02"]

1. e4 e5 2. Nf3 Nc6 3. Bb5 a6 4. Ba4 Nf6 5. O-O Be7 6. Re1 b5 7. Bb3 d6 8. c3
O-O 9. h3 Na5 10. Bc2 c5 11. d4 Qc7 12. Nbd2 Bd7 13. Nf1 cxd4 14. cxd4 Rac8 15.
Ne3 Nc4 16. Nxc4 Qxc4 17. Bb3 Qc7 18. Bd2 Bc6 19. Rc1 Qb8 20. Bb4 exd4 21. Nxd4
Bxe4 22. Rxc8 Rxc8 23. f3 Qa7 24. fxe4 a5 25. Bxa5 Qxa5 26. Nf5 Bf8 27. Rf1 g6
28. Qd4 Qd8 29. Ne3 Bg7 30. Nd5 Nd7 31. Qa7 Kh8 32. Rxf7 Rc1+ 33. Kh2 Be5+ 34.
g3 Nf8 35. Qf2 Ne6 36. Ne7 Bd4 37. Rxh7+ 1-0

[Event "51st World Juniors"]
[Site "Athens GRE"]
[Date "2012.08.15"]
[Round "13.33"]
[White "Thavandiran, Shiyam"]
[Black "Anwesh, Upadhyaya"]
[Result "0-1"]
[WhiteTitle "FM"]
[BlackTitle "IM"]
[WhiteElo "2301"]
[BlackElo "2374"]
[WhiteFideId "2605058"]
[BlackFideId "5028949"]
[EventDate "2012.08.02"]

1. c4 Nf6 2. g3 e6 3. Bg2 d5 4. Nf3 dxc4 5. Na3 Bxa3 6. bxa3 b5 7. a4 a6 8. Ba3
Nd5 9. Qc2 Nd7 10. O-O c5 11. h4 h6 12. axb5 axb5 13. Bb2 O-O 14. a4 bxa4 15.
Rxa4 Rxa4 16. Qxa4 Qb6 17. Qa1 f6 18. Rb1 Qa6 19. Bh3 Kf7 20. Ba3 Bb7 21. Qb2
Ba8 22. Ra1 Rb8 23. Qc2 Rb3 24. Bb2 Qb7 25. Bc3 Nxc3 26. dxc3 Qe4 27. Qd2 Bd5
28. Bg2 Ke7 29. Ra7 Qb1+ 30. Kh2 Rb7 31. Rxb7 Qxb7 32. h5 Bxf3 33. Bxf3 Qc7 34.
Qa2 Ne5 35. Qa8 f5 36. Qg8 Kf6 37. Qf8+ Nf7 38. Kg1 Qd6 39. Qc8 Qe5 40. Bc6 Qxe2
41. Be8 Qd1+ 42. Kg2 Qd8 43. Qxd8+ Nxd8 44. f4 Nb7 45. Kf3 Nd6 46. Bc6 Ke7 47.
Ke3 Kd8 48. Bf3 Nb5 49. Kd2 Ke7 50. Bc6 Nc7 51. Bf3 Nd5 52. Be2 Nf6 53. Bf3 Kd6
54. Ke3 e5 55. Kd2 Nd5 56. Bg2 exf4 0-1

[Event "51st World Juniors"]
[Site "Athens GRE"]
[Date "2012.08.15"]
[Round "13.34"]
[White "Gantar, Jan"]
[Black "Velten, Paul"]
[Result "1-0"]
[BlackTitle "FM"]
[WhiteElo "2218"]
[BlackElo "2366"]
[WhiteFideId "14607875"]
[BlackFideId "681091"]
[EventDate "2012.08.02"]

1. e4 e6 2. d4 d5 3. Nd2 a6 4. Ngf3 Nf6 5. Bd3 c5 6. e5 Nfd7 7. c3 Nc6 8. O-O g5
9. dxc5 Bxc5 10. Nb3 Be7 11. Nbd4 g4 12. Nxc6 bxc6 13. Nd4 Nxe5 14. Bc2 Bd6 15.
f4 gxf3 16. Nxf3 Nxf3+ 17. Qxf3 Qc7 18. Qh5 e5 19. Bg5 Be6 20. Rae1 Kd7 21. Bxh7
Kc8 22. Bf6 Kb7 23. Bxh8 Rxh8 24. Rf6 Be7 25. Rh6 Bf8 26. Rf6 Be7 27. Rh6 Bc5+
28. Kh1 Bf8 29. Rf6 Bg7 30. Rxe6 fxe6 31. Rf1 Bf6 32. Rxf6 Rxh7 33. Qd1 e4 34.
h3 Qe7 35. Rg6 Rf7 36. Qg4 Qc7 37. Kg1 e5 38. h4 Qb6+ 39. Kh2 Qf2 40. h5 e3 41.
Qb4+ Kc7 42. Qd6+ Kb7 43. Qxc6+ 1-0

[Event "51st World Juniors"]
[Site "Athens GRE"]
[Date "2012.08.15"]
[Round "13.35"]
[White "Griffiths, Ryan Rhys"]
[Black "Vaicekauskas, Gytis"]
[Result "1-0"]
[WhiteTitle "FM"]
[WhiteElo "2362"]
[BlackElo "2079"]
[WhiteFideId "2502054"]
[BlackFideId "12805459"]
[EventDate "2012.08.02"]

1. d4 d5 2. c4 e5 3. dxe5 d4 4. Nf3 Nc6 5. Nbd2 Be6 6. Nb3 Bxc4 7. Nbxd4 Qd5 8.
Nxc6 Qxc6 9. Qc2 Qe6 10. Bd2 O-O-O 11. Rc1 b5 12. b3 Ba3 13. bxc4 Bxc1 14. Qxc1
Qxc4 15. Qxc4 bxc4 16. e3 c3 17. Ba6+ Kd7 18. Bxc3 Ne7 19. Bc4 Ke8 20. Ke2 h5
21. e4 Ng6 22. Ng5 Nf4+ 23. Ke3 Ne6 24. Nxe6 fxe6 25. Bxe6 Rh6 26. Bd5 Rb8 27.
e6 Rg6 28. g3 Rb6 29. f4 c6 30. Bc4 h4 31. f5 Rg4 32. Kf3 Rg5 33. g4 1-0

[Event "51st World Juniors"]
[Site "Athens GRE"]
[Date "2012.08.15"]
[Round "13.36"]
[White "Ladva, Ottomar"]
[Black "Aggelis, Nikolaos"]
[Result "1-0"]
[BlackTitle "FM"]
[WhiteElo "2153"]
[BlackElo "2352"]
[WhiteFideId "4500024"]
[BlackFideId "4213220"]
[EventDate "2012.08.02"]

1. e4 e5 2. Nf3 Nc6 3. Bb5 a6 4. Ba4 Nge7 5. Bb3 Ng6 6. d4 Be7 7. dxe5 O-O 8.
Nc3 Ngxe5 9. Nxe5 Nxe5 10. f4 Nc6 11. O-O d6 12. Nd5 Be6 13. Bd2 Bxd5 14. Bxd5
Bf6 15. c3 Rb8 16. g4 g6 17. g5 Bg7 18. Qe1 Kh8 19. f5 Be5 20. Qh4 h5 21. Bxf7
Rxf7 22. fxg6 Rg7 23. Qxh5+ Kg8 24. Rf7 Rxf7 25. gxf7+ Kf8 26. g6 Bg7 27. Qh7
Qf6 28. Rf1 Qe5 29. Qg8+ Ke7 30. f8=Q+ Rxf8 31. Rxf8 Bxf8 32. Qf7+ Kd8 33. Qxf8+
Kd7 34. g7 Ne7 35. Qf7 Qc5+ 36. Kg2 Qb5 37. g8=Q Qe2+ 38. Kh3 1-0

[Event "51st World Juniors"]
[Site "Athens GRE"]
[Date "2012.08.15"]
[Round "13.37"]
[White "Sreeves, Clement"]
[Black "Malikentzos, Sotirios"]
[Result "0-1"]
[BlackTitle "FM"]
[WhiteElo "2191"]
[BlackElo "2337"]
[WhiteFideId "2402564"]
[BlackFideId "4215079"]
[EventDate "2012.08.02"]

1. e4 c6 2. d4 d5 3. e5 Bf5 4. Nf3 e6 5. Be2 Ne7 6. O-O Bg6 7. Nbd2 Nd7 8. Nb3
Nf5 9. c3 Be7 10. g4 Nh4 11. Nxh4 Bxh4 12. f4 f5 13. exf6 Bxf6 14. g5 Be7 15.
Bg4 Bf5 16. Bxf5 exf5 17. Qh5+ g6 18. Qe2 Kf7 19. Be3 Bd6 20. c4 Re8 21. cxd5
cxd5 22. Qf3 Nb6 23. Nc5 Qe7 24. Rfe1 Kg8 25. b3 Qg7 26. a4 a5 27. Bf2 Re4 28.
Nd3 Rc8 29. Rec1 Qd7 30. Ne5 Bxe5 31. dxe5 d4 32. Rxc8+ Qxc8 33. Rd1 Qd7 34. h3
Qd5 35. Qd3 Rxf4 36. Bxd4 Rf3 37. Qe2 Rxh3 38. Qg2 Qxb3 39. Qe2 Rg3+ 40. Kh2 Nd5
41. Bf2 Rg2+ 42. Kxg2 Nf4+ 43. Kf1 Nxe2 44. Kxe2 Qb2+ 45. Kf1 Qxe5 46. Rd8+ Kf7 0-1

[Event "51st World Juniors"]
[Site "Athens GRE"]
[Date "2012.08.15"]
[Round "13.38"]
[White "Minko, Vladimir"]
[Black "Krysa, Leandro"]
[Result "1-0"]
[BlackTitle "IM"]
[WhiteElo "2257"]
[BlackElo "2438"]
[WhiteFideId "24146706"]
[BlackFideId "116807"]
[EventDate "2012.08.02"]

1. d4 Nf6 2. c4 e6 3. Nf3 d5 4. g3 dxc4 5. Bg2 Bb4+ 6. Bd2 c5 7. O-O O-O 8. Qc2
b5 9. Ng5 Bxd2 10. Nxd2 h6 11. Bxa8 hxg5 12. dxc5 Qd4 13. a4 a6 14. b4 Nd5 15.
Nf3 Qf6 16. Bxd5 exd5 17. Qd2 Nc6 18. axb5 axb5 19. Qxd5 g4 20. Nh4 g5 21. Ng2
Nd4 22. Ra8 Kg7 23. Re1 c3 24. Ne3 c2 25. Rxc8 Nxe2+ 26. Kf1 Nc3 27. Nf5+ Kg6
28. Qd3 Qxf5 29. Qxf5+ Kxf5 30. Rxf8 Nd1 31. Rxf7+ Kg6 32. Rd7 c1=Q 33. Rexd1
Qc4+ 34. Kg1 Kh5 35. Rh7+ Kg6 36. Ra7 Qc2 37. Raa1 Kh5 38. Rac1 Qe4 39. Rd8 Qc6
40. Rb8 Qd7 41. Ra8 Qd2 42. Raa1 Qd5 43. Re1 Qf3 44. Rad1 Qc6 45. Re5 Qa6 46.
Rdd5 Qa1+ 47. Kg2 1-0

[Event "51st World Juniors"]
[Site "Athens GRE"]
[Date "2012.08.15"]
[Round "13.39"]
[White "Aghayev, Miragha"]
[Black "De Filomeno, Simone"]
[Result "0-1"]
[BlackTitle "FM"]
[WhiteElo "2187"]
[BlackElo "2358"]
[WhiteFideId "818070"]
[BlackFideId "828688"]
[EventDate "2012.08.02"]

1. e4 c5 2. c3 Nf6 3. e5 Nd5 4. Nf3 Nc6 5. Bc4 Nb6 6. Be2 d5 7. exd6 Qxd6 8. Na3
a6 9. d3 Bg4 10. Be3 e6 11. Ng5 Bxe2 12. Qxe2 Be7 13. Ne4 Qd5 14. c4 Qf5 15. g4
Qe5 16. f4 Qc7 17. Nxc5 Bh4+ 18. Kf1 O-O-O 19. Nc2 e5 20. Qf3 e4 21. Qxe4 Rhe8
22. Qf3 Bf6 23. Qf2 Rxe3 24. Nxe3 Nb4 25. a3 Rd4 26. Ng2 Nxd3 27. Nxd3 Rxd3 28.
Re1 Nxc4 29. Ne3 Bd4 30. Qh4 Nxe3+ 31. Rxe3 Rxe3 0-1

[Event "51st World Juniors"]
[Site "Athens GRE"]
[Date "2012.08.15"]
[Round "13.40"]
[White "Jacko, Vladimir2"]
[Black "Torkkola, Henri"]
[Result "1-0"]
[WhiteTitle "FM"]
[WhiteElo "2349"]
[BlackElo "2123"]
[WhiteFideId "14915928"]
[BlackFideId "507660"]
[EventDate "2012.08.02"]

1. c4 c5 2. Nc3 Nc6 3. g3 g6 4. Bg2 Bg7 5. d3 d6 6. Rb1 e6 7. e4 Nge7 8. Nge2
O-O 9. O-O Nd4 10. b4 cxb4 11. Rxb4 Nxe2+ 12. Nxe2 d5 13. cxd5 exd5 14. Qc2 b6
15. Bg5 h6 16. Bf4 Bb7 17. Rbb1 Qd7 18. Qb3 Nc6 19. Rfc1 g5 20. Be3 Rfe8 21.
Qxd5 Qxd5 22. exd5 Ne5 23. Nd4 Ng4 24. Nf5 Rad8 25. Rc7 Nxe3 26. Nxe3 Rb8 27.
Nf5 Be5 28. d6 Bxg2 29. Kxg2 Kh7 30. d4 Bf6 31. Rxa7 g4 32. Rb5 Kg6 33. d7 Re2
34. Rc7 Rxa2 35. Rc6 Rd8 36. Rbxb6 Kxf5 37. Rxf6+ Ke4 38. Rxf7 h5 39. Re6+ Kd3
40. Re8 h4 41. gxh4 1-0

[Event "51st World Juniors"]
[Site "Athens GRE"]
[Date "2012.08.15"]
[Round "13.41"]
[White "Nadirashvili, Shalva"]
[Black "Wageih, Kareim"]
[Result "1/2-1/2"]
[BlackTitle "IM"]
[WhiteElo "2151"]
[BlackElo "2332"]
[WhiteFideId "13601512"]
[BlackFideId "10604561"]
[EventDate "2012.08.02"]

1. d4 d5 2. Nf3 Nf6 3. e3 c5 4. b3 cxd4 5. exd4 Nc6 6. Bd3 Bg4 7. Bb2 e6 8. O-O
Bd6 9. Nbd2 Qc7 10. h3 Bh5 11. a3 Bf4 12. Qe1 Qb6 13. a4 O-O 14. c3 Bxf3 15.
Nxf3 Qxb3 16. Ba3 Rfc8 17. Bc5 Nd8 18. a5 b6 19. Rb1 Qa2 20. Ra1 Qb3 21. Rb1 Qa2
22. Ra1 Qb3 23. Rb1 Qa2 1/2-1/2

[Event "51st World Juniors"]
[Site "Athens GRE"]
[Date "2012.08.15"]
[Round "13.42"]
[White "Kourkoulos-Arditis, Stamatis"]
[Black "Ivekovic, Zvonimir"]
[Result "1-0"]
[WhiteElo "2109"]
[BlackElo "2320"]
[WhiteFideId "4221990"]
[BlackFideId "14511320"]
[EventDate "2012.08.02"]

1. e4 c5 2. Nf3 d6 3. d4 cxd4 4. Nxd4 Nf6 5. Nc3 a6 6. Be3 e5 7. Nb3 Be6 8. f3
Be7 9. Qd2 O-O 10. O-O-O a5 11. Bb5 Na6 12. Qe2 Qb8 13. g4 Rc8 14. Kb1 Nc7 15.
Ba4 d5 16. g5 Nxe4 17. fxe4 d4 18. Bxd4 exd4 19. Nxd4 Bxg5 20. Rhg1 Bf4 21. Nd5
Bxd5 22. exd5 g6 23. d6 Bxd6 24. Nf5 Bf8 25. Rd7 Ne6 26. Bb3 Re8 27. Qh5 Bg7 28.
Nxg7 gxh5 29. Nxe8+ Kh8 30. Nd6 1-0

[Event "51st World Juniors"]
[Site "Athens GRE"]
[Date "2012.08.15"]
[Round "13.43"]
[White "Brown, Andrew"]
[Black "Nishant, Malhotra"]
[Result "1-0"]
[WhiteTitle "IM"]
[WhiteElo "2296"]
[BlackElo "2076"]
[WhiteFideId "3206513"]
[BlackFideId "5099129"]
[EventDate "2012.08.02"]

1. d4 d5 2. c4 c6 3. Nc3 dxc4 4. e3 b5 5. a4 b4 6. Ne4 Qd5 7. Ng3 Nf6 8. Nf3 e6
9. Be2 Be7 10. Ne5 Ba6 11. f4 O-O 12. O-O c3 13. bxc3 bxc3 14. Bf3 Qd8 15. Re1
Nd5 16. Qc2 c5 17. dxc5 Bxc5 18. Rd1 Bb7 19. Rb1 Qc7 20. Kh1 Na6 21. Bxd5 Bxd5
22. e4 Bc6 23. Nxc6 Qxc6 24. Qxc3 Qxa4 25. Bb2 f6 26. Ra1 Rfd8 27. Re1 Qb5 28.
Rxa6 Bd4 29. Qc7 Bxb2 30. Rxa7 Rxa7 31. Qxd8+ Kf7 32. f5 Qd7 33. Qb6 Bd4 34. Qb3
Ke7 35. fxe6 Qb7 36. Nf5+ 1-0

[Event "51st World Juniors"]
[Site "Athens GRE"]
[Date "2012.08.15"]
[Round "13.44"]
[White "Torres, Juan Camilo"]
[Black "Zeppos, Panagiotis"]
[Result "1-0"]
[WhiteElo "2291"]
[BlackElo "1978"]
[WhiteFideId "4405790"]
[BlackFideId "4228383"]
[EventDate "2012.08.02"]

1. d4 Nf6 2. Nf3 g6 3. c4 Bg7 4. Nc3 d5 5. Bf4 O-O 6. e3 c5 7. dxc5 Qa5 8. Rc1
Ne4 9. cxd5 Nd7 10. Nd4 Nxc3 11. bxc3 Nxc5 12. Bc4 e5 13. dxe6 Bxe6 14. Nxe6
Nxe6 15. O-O Nxf4 16. exf4 Qc7 17. Bd5 Rac8 18. Qf3 b6 19. c4 Bf6 20. g3 Kg7 21.
h4 Rfe8 22. h5 Re7 23. Kg2 Rce8 24. Rc2 Re1 25. Rxe1 Rxe1 26. Re2 Rxe2 27. Qxe2
Qe7 28. Qg4 Qc7 29. Qh3 gxh5 30. Qxh5 Qe7 31. Qf5 Qe2 32. g4 Qe8 33. g5 Bd4 34.
Be4 Qh8 35. Qd7 Bc5 36. f5 Qf8 37. f6+ Kh8 38. Qf5 Qg8 39. f4 1-0

[Event "51st World Juniors"]
[Site "Athens GRE"]
[Date "2012.08.15"]
[Round "13.45"]
[White "Naoum, Spyridon"]
[Black "Kleinman, Michael"]
[Result "0-1"]
[BlackTitle "FM"]
[WhiteElo "2146"]
[BlackElo "2330"]
[WhiteFideId "4227506"]
[BlackFideId "2609479"]
[EventDate "2012.08.02"]

1. d4 Nf6 2. c4 g6 3. Nc3 d5 4. cxd5 Nxd5 5. e4 Nxc3 6. bxc3 Bg7 7. Bc4 c5 8.
Ne2 O-O 9. O-O Nc6 10. Be3 Qc7 11. Bb3 Rd8 12. Qc2 Na5 13. dxc5 e6 14. Nf4 Bd7
15. Rab1 Bf8 16. Nd3 Bc6 17. f3 Bb5 18. c4 Be8 19. Qc3 Nc6 20. e5 Nb8 21. Bc2
Nd7 22. Kh1 Rdc8 23. Ba4 Nb8 24. Bb5 Bc6 25. Qb2 Nd7 26. Bxc6 Qxc6 27. Qxb7 Qxb7
28. Rxb7 Nxc5 29. Bxc5 Bxc5 30. g3 Bb6 31. Rc1 Rd8 32. Nb4 Rac8 33. Na6 Rd2 34.
a4 Ra2 35. c5 Rxa4 36. Rb8 Rxb8 37. Nxb8 Bc7 38. Nd7 Rd4 39. f4 Rxd7 0-1

[Event "51st World Juniors"]
[Site "Athens GRE"]
[Date "2012.08.15"]
[Round "13.46"]
[White "Rios, Cristhian Camilo"]
[Black "Larmuseau, Michiel"]
[Result "1-0"]
[WhiteTitle "FM"]
[WhiteElo "2398"]
[BlackElo "2154"]
[WhiteFideId "4403940"]
[BlackFideId "263214"]
[EventDate "2012.08.02"]

1. d4 Nf6 2. c4 e6 3. Nc3 Bb4 4. e3 b6 5. Ne2 Bb7 6. a3 Be7 7. Nf4 d6 8. Be2 O-O
9. Bf3 c6 10. b4 Qc8 11. O-O Nbd7 12. Qb3 Re8 13. Bb2 Bf8 14. Nfe2 e5 15. Ng3 g6
16. Rfd1 h5 17. h3 h4 18. Nge4 Nxe4 19. Nxe4 d5 20. cxd5 cxd5 21. Nc3 Nf6 22.
dxe5 Rxe5 23. Nxd5 Bxd5 24. Bxd5 Rxd5 25. Rxd5 Nxd5 26. Qxd5 Bg7 27. Bxg7 Kxg7
28. Qd4+ Kg8 29. Qxh4 Qc3 30. Qd4 Qb3 31. a4 Rc8 32. a5 bxa5 33. Rxa5 Rc1+ 34.
Kh2 Rd1 35. Qe4 Qb2 36. Qe8+ Kg7 37. Qe5+ Qxe5+ 38. Rxe5 Rb1 39. Ra5 Rxb4 40.
Rxa7 Rc4 41. Kg3 Rb4 42. f4 Rb2 43. Kf3 Kf6 44. e4 Rb3+ 45. Kg4 Re3 46. e5+ Kg7
47. Kh4 Kg8 48. Ra6 Kg7 49. g4 Rf3 50. Rf6 Re3 51. Kg5 Re1 52. h4 Rg1 53. Ra6
Rg2 54. Ra7 Kf8 55. Kf6 Kg8 56. Ra8+ Kh7 57. Kxf7 Rxg4 58. Ra4 1-0

[Event "51st World Juniors"]
[Site "Athens GRE"]
[Date "2012.08.15"]
[Round "13.47"]
[White "Papasimakopoulos, Alexandros"]
[Black "Dounis, Alexandros"]
[Result "0-1"]
[WhiteElo "2126"]
[BlackElo "2298"]
[WhiteFideId "4244125"]
[BlackFideId "4213238"]
[EventDate "2012.08.02"]

1. d4 Nf6 2. c4 g6 3. g3 c6 4. Nc3 d5 5. cxd5 cxd5 6. Bg2 Bg7 7. Bg5 Nc6 8. Nf3
Ne4 9. Bf4 Qa5 10. O-O Nxc3 11. bxc3 Qxc3 12. Ne5 Qxd4 13. Nxc6 Qxd1 14. Raxd1
bxc6 15. Be3 Bg4 16. Rd2 O-O 17. Rc1 Rfc8 18. Bc5 e5 19. Rb1 Bf8 20. Be3 Bf5 21.
Rb7 a5 22. f4 Bd6 23. h3 exf4 24. gxf4 a4 25. Rd1 Rcb8 26. Rxb8+ Rxb8 27. Rc1
Rb1 28. Kf2 Rxc1 29. Bxc1 a3 30. e4 Bxe4 31. Bxe4 dxe4 32. Ke3 f5 33. Kd4 Kf7
34. h4 Ke6 35. Be3 Be7 36. Bf2 0-1

[Event "51st World Juniors"]
[Site "Athens GRE"]
[Date "2012.08.15"]
[Round "13.48"]
[White "Leiva, Giuseppe"]
[Black "Koutoukidis, Panagiotis"]
[Result "1-0"]
[WhiteTitle "FM"]
[WhiteElo "2283"]
[BlackElo "2167"]
[WhiteFideId "3804399"]
[BlackFideId "4244702"]
[EventDate "2012.08.02"]

1. f4 d5 2. Nf3 Nf6 3. b3 g6 4. Bb2 Bg7 5. e3 O-O 6. Be2 c5 7. O-O Nc6 8. Ne5
Qc7 9. Nxc6 Qxc6 10. Bf3 b6 11. Qe2 Bb7 12. d3 Rad8 13. Nd2 Qd7 14. Kh1 Rfe8 15.
Be5 Qc8 16. e4 dxe4 17. dxe4 Nd7 18. Bxg7 Kxg7 19. Qe3 e5 20. f5 Nf6 21. Rf2 Qd7
22. Re1 Qd4 23. g4 Qxe3 24. Rxe3 g5 25. Kg2 Rd4 26. c3 Rd7 27. Kg3 Ba6 28. Bg2
Red8 29. Nf3 Rd3 30. Rfe2 Rxc3 31. Rxc3 Bxe2 32. Nxe5 Re8 33. Re3 Bb5 34. Nxf7
Kxf7 35. e5 Kf8 36. a4 Ba6 37. h4 h6 38. Bc6 Rc8 39. Bf3 Nd7 40. Re1 Re8 41. e6
Nf6 42. Bc6 Rc8 43. e7+ Kf7 44. Re6 Bd3 45. e8=Q+ Nxe8 46. Rxh6 gxh4+ 47. Kxh4
Nf6 48. Bf3 Rg8 49. g5 Ne4 50. Bh5+ Kf8 51. Bg6 Nd6 52. Kg4 Nf7 53. Bxf7 Kxf7
54. Rd6 Bc2 55. Rd7+ Ke8 56. Rxa7 Bxb3 57. g6 Kd8 58. Kg5 Kc8 59. f6 Kb8 60. Re7
Bc2 61. g7 Bxa4 62. Rf7 Bb3 63. Rf8+ Kc7 64. Rxg8 Bxg8 65. Kg6 1-0

[Event "51st World Juniors"]
[Site "Athens GRE"]
[Date "2012.08.15"]
[Round "13.49"]
[White "Haarr, Jon Kristian"]
[Black "Ashiku, Franc"]
[Result "1/2-1/2"]
[WhiteElo "2245"]
[BlackElo "2152"]
[WhiteFideId "1505963"]
[BlackFideId "4700066"]
[EventDate "2012.08.02"]

1. e4 c5 2. d4 cxd4 3. c3 Nf6 4. e5 Nd5 5. cxd4 e6 6. Nf3 Nc6 7. Nc3 d6 8. exd6
Bxd6 9. Bd3 Be7 10. O-O O-O 11. Re1 Bf6 12. Ne4 Bxd4 13. Nxd4 Nxd4 14. Qh5 f5
15. Bg5 Qd7 16. Nc5 Qd6 17. Rac1 b6 18. Na4 Bb7 19. Nc3 Nf4 20. Bxf4 Qxf4 21.
Ne2 Nxe2+ 22. Qxe2 Bd5 23. g3 Qd6 24. Bc4 Bxc4 25. Rxc4 Rae8 26. Rd1 Qb8 27. Rc6
Qb7 28. Rxe6 Qf7 29. Re1 Qxe6 30. Qxe6+ Rxe6 31. Rxe6 Kf7 32. Rc6 Re8 33. Kg2
Re2 34. Rc7+ Re7 35. Rc2 Kf6 36. h4 h5 37. Kf3 Re6 38. Rc7 a6 39. Rc8 g6 40.
Rf8+ Ke7 41. Rc8 Kf6 42. a4 a5 43. Rc3 Kg7 44. b3 Kf6 45. Rc4 Ke5 46. Ke3 1/2-1/2

[Event "51st World Juniors"]
[Site "Athens GRE"]
[Date "2012.08.15"]
[Round "13.50"]
[White "Larmuseau, Maarten"]
[Black "Muhammad, Luthfi Ali"]
[Result "1-0"]
[BlackTitle "CM"]
[WhiteElo "2245"]
[BlackElo "2078"]
[WhiteFideId "209988"]
[BlackFideId "7103743"]
[EventDate "2012.08.02"]

1. e4 c5 2. Nf3 Nc6 3. Bb5 g6 4. O-O Bg7 5. Re1 Nf6 6. c3 O-O 7. h3 a6 8. Bf1 b5
9. d4 d6 10. Bg5 h6 11. Bh4 Nh5 12. d5 Na5 13. Nbd2 Rb8 14. Rc1 b4 15. cxb4 Rxb4
16. b3 g5 17. Nh2 Nf4 18. Bg3 e5 19. Bxf4 exf4 20. Be2 f5 21. exf5 Rxf5 22. Bf3
Rd4 23. Be4 Rfxd5 24. Bxd5+ Rxd5 25. Qh5 Bd7 26. Ne4 Nc6 27. Ng4 Kf8 28. Nc3 Rd3
29. Nxh6 Be8 30. Qg4 Bd7 31. Qh5 Be8 32. Rxe8+ Qxe8 33. Qxg5 Qe5 34. Qg6 Bxh6
35. Qxh6+ Qg7 36. Qxf4+ Ke7 37. Qe4+ Ne5 38. f4 Rd4 39. Qb7+ Nd7 40. Nd5+ Ke6
41. Re1+ 1-0

[Event "51st World Juniors"]
[Site "Athens GRE"]
[Date "2012.08.15"]
[Round "13.51"]
[White "Stathopoulos, Ioannis"]
[Black "Carbone, Diego"]
[Result "1/2-1/2"]
[WhiteElo "2216"]
[BlackElo "2069"]
[WhiteFideId "4223098"]
[BlackFideId "3002179"]
[EventDate "2012.08.02"]

1. d4 Nf6 2. c4 e6 3. Nc3 c5 4. d5 exd5 5. cxd5 d6 6. Nf3 g6 7. Bf4 Bg7 8. Qa4+
Bd7 9. Qb3 Qc7 10. h3 O-O 11. e3 Na6 12. Be2 Rab8 13. O-O b5 14. Bxb5 Bxb5 15.
Nxb5 Qd7 16. a4 Nc7 17. Qc4 Nxb5 18. axb5 Qxb5 19. Qxb5 Rxb5 20. Bxd6 Rd8 21.
Be5 a5 22. d6 Ne4 23. Rfd1 Bxe5 24. Nxe5 Rxd6 25. Rxd6 Nxd6 26. Rd1 Nb7 27. Rd2
a4 28. f4 Na5 29. e4 Rb4 30. Ng4 h5 31. Nf6+ Kg7 32. e5 Rxf4 33. Rd5 Nc4 34.
Rxc5 Nxb2 35. Rc8 h4 36. g3 hxg3 37. Kg2 Rc4 38. Rg8+ Kh6 39. Kxg3 Kg5 40. Rf8
Kf5 41. Ng4 Rc3+ 42. Kg2 Rc7 43. Kf3 Ra7 44. Re8 g5 45. Ne3+ Kg6 46. Rg8+ Kh7
47. Rxg5 a3 48. Ng4 a2 49. Nf6+ Kh6 50. Kg4 1/2-1/2

[Event "51st World Juniors"]
[Site "Athens GRE"]
[Date "2012.08.15"]
[Round "13.52"]
[White "Vandevenne, Sander"]
[Black "Vasques, Antonio Pedro Freixial"]
[Result "0-1"]
[WhiteElo "2083"]
[BlackElo "2214"]
[WhiteFideId "223000"]
[BlackFideId "1908332"]
[EventDate "2012.08.02"]

1. e4 d5 2. exd5 Nf6 3. d4 Bg4 4. Nf3 Qxd5 5. Be2 Nc6 6. c4 Qf5 7. Be3 O-O-O 8.
O-O h5 9. Nbd2 a6 10. Qa4 e5 11. d5 Nd4 12. Bxd4 exd4 13. b4 d3 14. Bd1 Ne4 15.
Nxe4 Qxe4 16. b5 Bd7 17. Re1 Qf4 18. Rb1 Bc5 19. Qb3 d2 20. Re2 axb5 21. cxb5
Bg4 22. Rb2 Bd6 23. Qa4 Bxf3 24. Qxf4 Bxf4 25. gxf3 Rxd5 26. Re4 g5 27. b6 Re5
28. Kf1 Rd8 29. Rbb4 Bxh2 30. bxc7 Kxc7 31. Ra4 Kb8 32. Ke2 Bf4 33. Ra3 b6 34.
Ra6 Kb7 35. Ra3 h4 0-1

[Event "51st World Juniors"]
[Site "Athens GRE"]
[Date "2012.08.15"]
[Round "13.53"]
[White "Michelakos, Panagiotis"]
[Black "Du Plessis, Heinco"]
[Result "1-0"]
[WhiteElo "2185"]
[BlackElo "2075"]
[WhiteFideId "4216067"]
[BlackFideId "14306263"]
[EventDate "2012.08.02"]

1. c4 e5 2. Nc3 Nf6 3. g3 Nc6 4. Bg2 Bc5 5. e3 a6 6. Nge2 d6 7. d4 exd4 8. exd4
Ba7 9. Be3 O-O 10. O-O Re8 11. h3 Ne7 12. Bg5 Ng6 13. Nd5 c6 14. Nxf6+ gxf6 15.
Be3 Bf5 16. Nc3 Rc8 17. a4 Kg7 18. Re1 Qb6 19. b3 Qa5 20. Rc1 Rcd8 21. Qh5 Bb6
22. b4 1-0

[Event "51st World Juniors"]
[Site "Athens GRE"]
[Date "2012.08.15"]
[Round "13.54"]
[White "Edwards, Jonathan"]
[Black "Zwakala, Ntando"]
[Result "1-0"]
[WhiteElo "2170"]
[BlackElo "2054"]
[WhiteFideId "2402912"]
[BlackFideId "14308967"]
[EventDate "2012.08.02"]

1. e4 c5 2. Nf3 Nc6 3. d4 cxd4 4. Nxd4 Nf6 5. Nc3 d6 6. Be2 e6 7. Be3 Bd7 8. g4
Nxd4 9. Bxd4 Bc6 10. Qd3 Qa5 11. O-O-O O-O-O 12. Kb1 e5 13. Be3 d5 14. g5 Bb4
15. gxf6 d4 16. fxg7 Rhg8 17. Bg5 f6 18. Bxf6 Rd6 19. Qc4 Bxc3 20. Qxg8+ Kc7 21.
Qd8+ 1-0